000 00654nam a22001817a 4500
020 _a9780071321266
082 _a515.076 WRE
100 _aSchaum's outline of theory and problems of advanced calculus
245 _aSchaum’s outline of advanced calculus
250 _a3rd ed.
260 _aNew Delhi, India
_bMcGraw Hill
_c2010
300 _aix, 445 p.
_bill. ;
490 _aSchaum’s outline series
500 _aRev. ed. of: Schaum’s outline of theory and problems of advanced calculus. 2nd ed. c2002.
650 _a1. Calculus --Outlines, syllabi, etc. 2. Calculus --Problems, exercises, etc.
700 _aSpiegel, Murray R.
942 _cBK
999 _c12582
_d12582